Ohlásila sa vám daňová kontrola?

Keď sa daňový úrad ohlási na daňovú kontrolu alebo keď sa proti vám začne daňové konanie, môžete zostať zneistení, ako postupovať ďalej. Základné oboznámenie s procesom daňovej kontroly od jej začatia po ukončenie, vrátane možnosti podať opravný prostriedok (odvolanie) voči rozhodnutiu o dorubení da...

Descripción completa

Guardado en:
Detalles Bibliográficos
Autor principal: Drozd, Marián
Formato: Capítulo de libro
Lenguaje:eslovaco
Materias:
Etiquetas: Agregar Etiqueta
Sin Etiquetas, Sea el primero en etiquetar este registro!

MARC

LEADER 00000naa a2200000 4500
001 0290945
005 20240417075225.4
041 0 |a slo 
044 |a SK 
245 1 0 |a Ohlásila sa vám daňová kontrola?  |c Marián Drozd 
520 |a Keď sa daňový úrad ohlási na daňovú kontrolu alebo keď sa proti vám začne daňové konanie, môžete zostať zneistení, ako postupovať ďalej. Základné oboznámenie s procesom daňovej kontroly od jej začatia po ukončenie, vrátane možnosti podať opravný prostriedok (odvolanie) voči rozhodnutiu o dorubení dane a taktiež poukázať na "prekvapenia", s ktorými sa môžete počas kontroly stretnúť. 
610 2 0 |a kontrola daňová 
610 2 0 |a úrady daňové 
610 2 0 |a konanie daňové 
610 2 0 |a dane 
100 1 |a Drozd, Marián